|
|
|
|
| LEADER |
00000nam a22000007a 4500 |
| 005 |
20210423213129.0 |
| 007 |
cr|||| |||| |
| 008 |
210423s2017 br |||||s|||| 00||0 por d |
| 020 |
|
|
|a 978-85-64912-97-7
|
| 035 |
|
|
|a 33108
|
| 040 |
|
|
|a vLex
|
| 090 |
|
|
|c 11512
|d 11512
|
| 100 |
1 |
|
|a Neder Meyer, Emilio Peluso
|
| 245 |
1 |
0 |
|a Justiȧ de transiȯ̂ em perspectiva transnacional
|h [Recurso electrn̤ico] /
|c Emilio Peluso Neder Meyer
|
| 256 |
|
|
|a Servicio en ln̕ea
|
| 260 |
|
|
|a Belo Horizonte:
|b Initia Via Editora,
|c 2017
|
| 300 |
|
|
|a 1 recurso electrn̤ico
|
| 506 |
1 |
|
|a Disponible solo en los productos indicados
|d vLex Global
|d vLex Global (Academic Edition, excluding Law Schools)
|d vLex Global (U.S. Academic Edition, Law Schools)
|d vLex Global (U.S. Academic Edition, excluding Law Schools)
|d vLex Global (Academic Edition, Law Schools)
|
| 650 |
0 |
4 |
|a Ciencias sociales
|z Brasil
|
| 740 |
0 |
|
|a vLex Libros (Servicio en ln̕ea)
|
| 856 |
4 |
0 |
|u https://vlex.com/source/justi-a-transi-o-perspectiva-transnacional-33108
|z Acceso restringido
|
| 942 |
|
|
|c BOOK
|
| 999 |
0 |
|
|a Social Sciences
|